| 000 | 00426nab a2200145Ia 4500 | ||
|---|---|---|---|
| 003 | ES-SlBCS | ||
| 005 | 20210601134049.0 | ||
| 008 | 140529s1985 xxu||||| |||| 00| 0 por d | ||
| 041 | _apor | ||
| 100 | 1 |
_aTakahata, Toshio _9213135 |
|
| 245 | 0 | 0 |
_aKun Santõ Zuihoshõ _c Toshio Takahata, Irmäo Liberato |
| 700 | 1 |
_aLiberato, Irmäo _9212704 |
|
| 773 | 0 |
_tVeritas _gvol. 30, nº. 120, 1985, págs. 529-536 _wRev488 |
|
| 942 | _cAR | ||
| 999 |
_c606507 _d606507 |
||